000 00381nam a2200145Ia 4500
008 230917s9999||||xx |||||||||||||| ||und||
040 _e42733
_aMAIN
041 _aEnglish
082 _a813.081 P854W
100 _aPotter, Nancy A J
245 0 _aWe have seen the best of our times: Short stories
260 _aNew York
_bAlfred A Knopf
_c1968
300 _a242 p.
942 _cBK
999 _c155581
_d155581